Normal view
MARC view
- Muhammad Kaleem.
Entry Personal Name
001 - CONTROL NUMBER
- control field: 30593
003 - CONTROL NUMBER IDENTIFIER
- control field: NUST
005 - DATE AND TIME OF LATEST TRANSACTION
- control field: 20200923095018.0
008 - FIXED-LENGTH DATA ELEMENTS
- fixed length control field: 200923|| aca||aabn | a|a d
040 ## - CATALOGING SOURCE
- Original cataloging agency: NUST
- Transcribing agency: NUST
100 ## - HEADING--PERSONAL NAME
- Personal name: Muhammad Kaleem.
670 ## - SOURCE DATA FOUND
- Source citation: Work cat.: (NUST): Shabaz Khan 30591, EFFECT OF PARTICLE SIZE DISTRIBUTION ON HANDLING CHARACTERISTICS AND SETTING TIME OF MINERAL TRIOXIDE AGGREGATE /, 2015.
